000 00294nam a22000977a 4500
999 _c10942
_d10942
008 180412b ||||| |||| 00| 0 eng d
020 _a978818389895316
100 _aSahini Monica
_96746
245 _aA Textbook of Information Communication Technology-IX
260 _aNew Delhi
_bGoyal Brothers
_c2014